[Event "Gothenburg"]
[Site "Gothenburg"]
[Date "1971.??.??"]
[Round "1"]
[White "Gaprindashvili, Nona"]
[Black "Szabo, Laszlo"]
[Result "0-1"]
[WhiteElo "2390"]
[BlackElo "2525"]

1.e4 e5 2.Nf3 Nc6 3.Bb5 a6 4.Ba4 d6 5.Bxc6+ bxc6 6.d4 exd4 7.Nxd4 c5 8.Ne2 Bb7
9.Nbc3 g6 10.O-O Bg7 11.Qd3 Nf6 12.Bg5 Qd7 13.Rad1 h6 14.Bh4 O-O 15.f3 Rfe8
16.Bxf6 Bxf6 17.Qe3 Re5 18.Qxh6 Bg5 19.Qh3 Be3+ 20.Kh1 Qxh3 21.gxh3 c4 22.Nd5 Bxd5
23.Rxd5 Rxd5 24.exd5 a5 25.Nc3 a4 26.Re1 Bd2 27.Re4 a3 28.Nb1 Bc1 29.bxa3 Rb8
30.Nc3 Rb2 31.Rxc4 Rxc2 32.Rxc7 Bf4 33.a4 Be5 34.Nb5 Rxh2+ 35.Kg1 Rxa2 36.Rc8+ Kg7
37.Ra8 Kf6 38.a5 Kg5 39.Kf1 Kf4 40.a6 Kxf3 41.Ke1 Bf4 42.Nd4+ Ke3 43.Nb3 Kd3
44.Kd1  0-1

[Event "Gothenburg"]
[Site "Gothenburg"]
[Date "1971.??.??"]
[Round "2"]
[White "Pomar Salamanca, Arturo"]
[Black "Gaprindashvili, Nona"]
[Result "1/2-1/2"]
[WhiteElo "2510"]
[BlackElo "2390"]

1.d4 Nf6 2.c4 c5 3.Nf3 e6 4.Nc3 cxd4 5.Nxd4 d5 6.cxd5 exd5 7.Bg5 Be7 8.e3 O-O
9.Be2 Nc6 10.O-O Be6 11.Rc1 Rc8 12.Qd2 Ne5 13.Rfd1 Nc4 14.Bxc4 Rxc4 15.Qd3 Qc8
16.f4 Re8 17.f5 Bd7 18.b3 Rc5 19.Nce2  1/2-1/2

[Event "Gothenburg"]
[Site "Gothenburg"]
[Date "1971.??.??"]
[Round "3"]
[White "Gaprindashvili, Nona"]
[Black "Czerniak, Moshe"]
[Result "1-0"]
[WhiteElo "2390"]
[BlackElo "2380"]

1.e4 e6 2.d4 d5 3.Nc3 Nf6 4.Bg5 dxe4 5.Nxe4 Be7 6.Bxf6 Bxf6 7.Nf3 Nd7 8.Bd3 c5
9.dxc5 Nxc5 10.Nxc5 Qa5+ 11.Nd2 Qxc5 12.Ne4 Qa5+ 13.c3 Be7 14.b4 Qe5 15.O-O Bd7
16.Re1 Qc7 17.Qh5 Rd8 18.Re3 Bc6 19.Rae1 Rd5 20.Qe2 b6 21.Rh3 g6 22.Qe3 Kd8
23.c4 Rd7 24.c5 b5 25.Ng5 Bf6 26.Be4 Bxg5 27.Qxg5+ Kc8 28.Bxc6 Qxc6 29.Qe5 Rhd8
30.Rf3 Rd5 31.Qc3 R8d7 32.Qh8+ Kb7 33.Qxh7 Rd1 34.Re3 Rxe1+ 35.Rxe1 Qe4 36.Rf1 Qxb4
37.c6+ Kxc6 38.Rc1+ Kb7 39.Qh3 Qd2 40.Qf3+ Qd5 41.Qe2 Qd3 42.Qe1 Qd2 43.Qe4+ Rd5
44.Qb1 a5 45.h3 Kb6 46.Rf1 b4 47.a3 Kb5 48.axb4 a4 49.Qa1 Qd4 50.Qc1 Qd3
51.Qc7 Kxb4 52.Qf4+ Kb3 53.Re1 Qc3 54.Rc1 Qd4 55.Qxf7 Qd3 56.Re1 Kb2 57.Qf6+ e5
58.Qc6 a3 59.Qc1+ Ka2 60.Qa1+ Kb3 61.Re3 e4 62.Qb1+ Kc3 63.Kh2 Kc4 64.Rxe4+ Rd4
65.Qxd3+ Kxd3 66.Re3+ Kd2 67.Rxa3 Ke2 68.Kg3 Rd6 69.Re3+ Kf1 70.h4 Rf6 71.Ra3  1-0

[Event "Gothenburg"]
[Site "Gothenburg"]
[Date "1971.??.??"]
[Round "4"]
[White "Andersson, Ulf"]
[Black "Gaprindashvili, Nona"]
[Result "1-0"]
[WhiteElo "2510"]
[BlackElo "2390"]

1.e4 g6 2.d4 Bg7 3.Nf3 d6 4.Be2 Nf6 5.Nc3 O-O 6.O-O c6 7.Re1 Qc7 8.Bf4 Nh5
9.Be3 e5 10.Qd2 Nd7 11.Rad1 Re8 12.h3 Nhf6 13.Bf1 b5 14.a3 exd4 15.Bxd4 Bf8
16.Nh2 a6 17.g4 Bb7 18.g5 Nh5 19.Be2 Ng7 20.Ng4 Ne6 21.Be3 h5 22.Nh6+ Bxh6
23.gxh6 Nb6 24.Qxd6 Qxd6 25.Rxd6 Nc4 26.Bxc4 bxc4 27.Na4 Rad8 28.Red1 Rxd6
29.Rxd6 Rd8 30.Rxd8+ Nxd8 31.Nb6 c3 32.bxc3 f5 33.Nd7 Ne6 34.Nf6+ Kf7 35.Ne8 Kg8
36.exf5 gxf5 37.Nd6 Ba8 38.Nxf5 c5 39.Nd6 Bf3 40.Kh2 Kh7 41.Kg3 Bd1 42.Kh4 Bxc2
43.Kxh5 Bd1+ 44.Kh4 Bf3 45.Nf7 c4 46.Ng5+ Nxg5 47.Kxg5  1-0

[Event "Gothenburg"]
[Site "Gothenburg"]
[Date "1971.??.??"]
[Round "6"]
[White "Romanishin, Oleg M"]
[Black "Gaprindashvili, Nona"]
[Result "0-1"]
[WhiteElo "2200"]
[BlackElo "2390"]

1.Nf3 Nf6 2.c4 e6 3.g3 b6 4.Bg2 Bb7 5.O-O c5 6.b3 Be7 7.Bb2 O-O 8.Nc3 d5
9.Rc1 d4 10.Na4 Nbd7 11.d3 Qc7 12.e3 e5 13.exd4 exd4 14.Rb1 Bd6 15.Bc1 Rab8
16.Bd2 Rfe8 17.Re1 Rxe1+ 18.Bxe1 Re8 19.h3 Bc6 20.Bd2 Qb7 21.Nh4 Bxg2 22.Nxg2 Ne5
23.Ne1 Qd7 24.Kg2 Qc6+ 25.Kh2 h5 26.Bg5 Bc7 27.Rb2 Nfd7 28.Re2 Re6 29.Qd2 Nf3+
30.Nxf3 Qxf3 31.Rxe6 fxe6 32.Nb2 h4 33.Bxh4 Ne5 34.Qe1 Qf5 35.Kg2 Qf3+ 36.Kg1 g5
37.Qc1 gxh4 38.Qg5+ Kf7 39.Qxh4 Qf5 40.Qh8 Nf3+ 41.Kf1 Be5 42.Qa8 Qxh3+ 43.Ke2 Ng1+
44.Ke1 Bf6 45.Qxa7+ Be7 46.Qxb6 Nf3+ 47.Ke2 Nh2  0-1

[Event "Gothenburg"]
[Site "Gothenburg"]
[Date "1971.??.??"]
[Round "7"]
[White "Gaprindashvili, Nona"]
[Black "Jansson, Borje"]
[Result "0-1"]
[WhiteElo "2390"]
[BlackElo "2410"]

1.e4 c5 2.Nf3 d6 3.d4 cxd4 4.Nxd4 Nf6 5.Nc3 e6 6.g4 h6 7.g5 hxg5 8.Bxg5 Be7
9.Qd2 Nc6 10.O-O-O a6 11.f4 Bd7 12.Nf3 b5 13.a3 b4 14.axb4 Nxb4 15.Bc4 Qc7
16.Bb3 a5 17.Bxf6 gxf6 18.Nd4 a4 19.Nxa4 d5 20.exd5 Bxa4 21.dxe6 Bxb3 22.Nxb3 fxe6
23.Qg2 Qxf4+ 24.Kb1 Kf7 25.Rd7 Rab8 26.Nd4 e5 27.Nc6 Nxc6 28.Qxc6 Qb4 29.b3 Qb6
30.Qc4+ Qe6 31.Qa4 Ra8 32.Ra7 Rxa7 33.Qxa7 Qc6 34.Rc1 Rxh2 35.Qg1 Qg2 36.Qd1 Qd2
37.Qf3 Rf2 38.Qh5+ Kg7 39.Qg4+ Kf8 40.Qc8+ Kf7 41.Rh1 Rh2 42.Qc4+ Kg7 43.Rc1 Qd4
44.Qc7 Kf8 45.Qb7 Rd2 46.Qh1 Kf7 47.Qh7+ Ke6 48.Qh3+ Kd6 49.Qf3 e4 50.Qf4+ Kc6
51.Qf1 Kb6 52.Qf4 Bd6 53.Qg4 Be5 54.Qe6+ Ka5  0-1

[Event "Gothenburg"]
[Site "Gothenburg"]
[Date "1971.??.??"]
[Round "8"]
[White "Gaprindashvili, Nona"]
[Black "Bilek, Istvan"]
[Result "1/2-1/2"]
[WhiteElo "2390"]
[BlackElo "2490"]

1.e4 d6 2.d4 g6 3.Nc3 Bg7 4.f4 a6 5.Nf3 b5 6.a4 b4 7.Nb1 Bb7 8.Nbd2 Nd7 9.Bd3 c5
10.d5 Ngf6 11.O-O O-O 12.Nc4 a5 13.Kh1 Nb6 14.Nxb6 Qxb6 15.c4 bxc3 16.bxc3 c4
17.Rb1 Qc7 18.Bc2 e6 19.dxe6 Nxe4 20.exf7+ Rxf7 21.Qe1 Re7 22.Qh4 Bf6 23.Rxb7 Qxb7
24.Bxe4 Bxh4 25.Bxb7 Rxb7 26.Nxh4 Rb1 27.Kg1 Rab8 28.f5 R8b3 29.f6 Kf7 30.Nf3 h6
31.Nd2 Ra1 32.Nxb3 cxb3 33.Bb2 Rxa4 34.Ra1 Re4 35.Kf2 a4 36.Re1 Rf4+ 37.Ke2 Kxf6
38.Rf1 Rxf1 39.Kxf1 Kf5 40.Ke2 Ke4 41.Ba3 g5 42.Kd2 d5 43.Bb2 h5 44.Ke2 h4
45.Kd2 h3  1/2-1/2

[Event "Gothenburg"]
[Site "Gothenburg"]
[Date "1971.??.??"]
[Round "9"]
[White "Hort, Vlastimil"]
[Black "Gaprindashvili, Nona"]
[Result "1-0"]
[WhiteElo "2605"]
[BlackElo "2390"]

1.e4 g6 2.d4 Bg7 3.c4 c5 4.d5 b5 5.cxb5 d6 6.Nc3 a6 7.Nf3 Nf6 8.a4 O-O 9.Bf4 Qa5
10.Nd2 axb5 11.Bxb5 Ba6 12.O-O Qb4 13.Qc2 Bxb5 14.axb5 Nbd7 15.h3 Rfb8 16.Ra6 Rxa6
17.bxa6 Qa5 18.e5 dxe5 19.Nc4 Rb4 20.Nxa5  1-0

[Event "Gothenburg"]
[Site "Gothenburg"]
[Date "1971.??.??"]
[Round "10"]
[White "Gaprindashvili, Nona"]
[Black "Kinnmark, Ove"]
[Result "1-0"]
[WhiteElo "2390"]
[BlackElo "2410"]

1.e4 c5 2.Nf3 e6 3.d4 cxd4 4.Nxd4 a6 5.Bd3 Nc6 6.Nxc6 bxc6 7.O-O d5 8.c4 Nf6
9.Nc3 Be7 10.cxd5 cxd5 11.exd5 exd5 12.Be3 O-O 13.Bd4 h6 14.Rc1 Rb8 15.a3 a5
16.Re1 Bd6 17.h3 Be6 18.Qf3 Ne8 19.Nb5 Be7 20.Na7 Rb7 21.Nc6 Qd7 22.Nxa5 Rc7
23.Nb3 Qa4 24.Rxc7 Nxc7 25.Rc1 Bd6 26.Bc5 Bxc5 27.Rxc5 Na8 28.Bc2 Nb6 29.Qd3 g6
30.Nd4 Qd7 31.Rc6 Rb8 32.Qb5 Qd8 33.Nxe6 fxe6 34.Rxe6 Nc4 35.Rxg6+ Kf7 36.Qc5 Rxb2
37.Qa7+  1-0

[Event "Gothenburg"]
[Site "Gothenburg"]
[Date "1971.??.??"]
[Round "11"]
[White "Liljedahl, Lennart"]
[Black "Gaprindashvili, Nona"]
[Result "0-1"]
[WhiteElo "2200"]
[BlackElo "2390"]

1.e4 g6 2.d4 Bg7 3.c3 d6 4.Bd3 Nf6 5.Ne2 O-O 6.O-O c5 7.f3 Nc6 8.Be3 cxd4
9.cxd4 Nb4 10.Nbc3 Nxd3 11.Qxd3 Bd7 12.Rac1 Qa5 13.b4 Qxb4 14.Rb1 Qa5 15.Rxb7 Bc6
16.Rb3 Rfb8 17.Rfb1 Rxb3 18.Rxb3 Nd7 19.h3 Rc8 20.Qb1 Nb6 21.Rb4 Qa6 22.d5 Be8
23.Bd4 Bxd4+ 24.Rxd4 Na4 25.Qd3 Qb6 26.Nxa4 Bxa4 27.Nc3 Bc2 28.Qd2 Qb2 29.Nd1 Qxa2
30.Ne3 a5 31.Kh2 Qb3 32.h4 h5 33.f4 Rc3 34.Nf1 Rd3 35.Rxd3 Qxd3 36.Qxd3 Bxd3
37.Nd2 a4 38.e5 a3 39.exd6 exd6 40.Nb3 Bc4 41.Na1 Bxd5 42.Kg3 Kg7 43.Kf2 Kf6
44.g3 Kf5 45.Ke3 Kg4 46.Kf2 a2 47.Nc2 Kh3  0-1

[Event "URS-JUG"]
[Site "Tbilisi"]
[Date "1973.??.??"]
[Round "1"]
[White "Zivkovic Jocic, Ljubica"]
[Black "Gaprindashvili, Nona"]
[Result "0-1"]
[WhiteElo "2095"]
[BlackElo "2420"]

1.e4 g6 2.d4 Bg7 3.Nf3 c6 4.c4 d5 5.e5 Nh6 6.Nc3 O-O 7.h3 dxc4 8.Bxc4 Nd7
9.O-O Nb6 10.Bb3 Kh8 11.Bf4 Be6 12.Qd2 Ng8 13.Bxe6 fxe6 14.Ng5 Qc8 15.b3 h6
16.Nge4 Nd5 17.Be3 b6 18.Rac1 Qe8 19.Ne2 Rd8 20.Qc2 Rc8 21.Qd3 Qd7 22.N4g3 Qe8
23.Qe4 Qf7 24.Bd2 h5 25.Qd3 Nh6 26.Ne4 h4 27.Ng5 Qf5 28.Qxf5 exf5 29.Ne6 Rfe8
30.Nxg7 Kxg7 31.Bg5 Nf7 32.Bd2 Nd8 33.Nf4 Nxf4 34.Bxf4 Ne6 35.Be3 Red8 36.Rfd1 f4
37.Bd2 Rxd4 38.Bc3 Rd5 39.f3 Rcd8 40.Re1 c5  0-1

[Event "URS-JUG"]
[Site "Tbilisi"]
[Date "1973.??.??"]
[Round "2"]
[White "Gaprindashvili, Nona"]
[Black "Zivkovic Jocic, Ljubica"]
[Result "1-0"]
[WhiteElo "2420"]
[BlackElo "2095"]

1.e4 e6 2.d4 d5 3.Nd2 c5 4.Ngf3 Nc6 5.Bb5 a6 6.exd5 axb5 7.dxc6 c4 8.cxb7 Bxb7
9.O-O Nf6 10.c3 Be7 11.Ne5 O-O 12.Re1 Ra6 13.a3 Qd5 14.Qf3 Qxf3 15.Ndxf3 b4
16.cxb4 Bxb4 17.Bd2 c3 18.Bxc3 Bxc3 19.bxc3 Rc8 20.c4 Ne4 21.c5 Nc3 22.Re3 Na4
23.Rb1 Bd5 24.Nd2 f6 25.Nec4 Rd8 26.f4 h6 27.Nd6 Kh7 28.Rb4 g5 29.fxg5 hxg5
30.N2e4 Kg6 31.Nc3 Nxc3 32.Rxc3 Rda8 33.Nb5 Rc6 34.a4 Ra5 35.g3 g4 36.Kf2 Kg5
37.Ke3 e5 38.Nd6 Ra7 39.Ne4+ Bxe4 40.Kxe4 exd4 41.Kxd4  1-0

[Event "URS-chT"]
[Site "Riga"]
[Date "1975.??.??"]
[Round "?"]
[White "Kozlovskaya, Valentina"]
[Black "Gaprindashvili, Nona"]
[Result "0-1"]
[WhiteElo "2315"]
[BlackElo "2425"]

1.d4 Nf6 2.c4 e6 3.Nc3 Bb4 4.e3 O-O 5.Bd3 c5 6.Nf3 d5 7.O-O Nc6 8.a3 Bxc3
9.bxc3 dxc4 10.Bxc4 Qc7 11.Qe2 e5 12.h3 e4 13.Nh2 cxd4 14.cxd4 Na5 15.Ba2 Be6
16.Bd2 Bxa2 17.Bxa5 Qxa5 18.Qxa2 Rac8 19.Rab1 b6 20.Rb3 Rc7 21.Qe2 Rfc8 22.Qb5 Qxb5
23.Rxb5 Ne8 24.g4 Nd6 25.Rd5 Nc4 26.a4 f6 27.Rb5 Kf7 28.Kg2 Nd6 29.Rb2 Rc2
30.Rfb1 R8c3 31.Nf1 Nc4 32.Rb3 Rxb3 33.Rxb3 Ke6 34.Ng3 Ra2 35.Nxe4 Rxa4 36.Ng3 a5
37.Ne2 Rb4 38.Nf4+ Kd6 39.Rc3 b5 40.Nd3 Rb1 41.Nc5 Kd5 42.Rd3 a4  0-1

[Event "URS-chT"]
[Site "Riga"]
[Date "1975.??.??"]
[Round "?"]
[White "Gaprindashvili, Nona"]
[Black "Fatalibekova, Elena"]
[Result "1-0"]
[WhiteElo "2425"]
[BlackElo "2000"]

1.e4 c6 2.d4 d5 3.Nc3 dxe4 4.Nxe4 Nd7 5.Bc4 Ngf6 6.Ng5 Nd5 7.N1f3 h6 8.Ne4 N7f6
9.Ng3 Bg4 10.Bb3 e6 11.h3 Bxf3 12.Qxf3 Qb6 13.c3 Qa6 14.Ne2 c5 15.dxc5 Bxc5
16.O-O Be7 17.Nd4 O-O 18.Nf5 exf5 19.Bxd5 Nxd5 20.Qxd5 Rfd8 21.Qxf5 Rd3 22.Be3 Bf6
23.a4 Rad8 24.Qb5 R8d7 25.Kh1 R3d5 26.Qxa6 bxa6 27.Rfe1 Rb7 28.Re2 Rbd7 29.g3 Rd1+
30.Re1 Rxa1 31.Rxa1 Rb7 32.Ra2 Kf8 33.Kg2 Ke7 34.Kf3 Ke6 35.Ke4 Bd8 36.a5 f5+
37.Kd3 Bf6 38.Kc2 Kd5 39.Ra4 Be5 40.Bf4 Bf6 41.Be3 Be5 42.Bd4 g5 43.Bxe5 Kxe5
44.Rd4 h5 45.b4 Rf7 46.Kd3 Rb7 47.h4 f4 48.hxg5 fxg3 49.fxg3 Kf5 50.Rd6 Kg4
51.Rh6 Rg7 52.g6 Kg5 53.Rh7 Rxg6 54.c4 Kf6 55.Rxh5 Ke6 56.g4  1-0

[Event "URS-chT"]
[Site "Riga"]
[Date "1975.??.??"]
[Round "?"]
[White "Gaprindashvili, Nona"]
[Black "Nevednichaia, Raisa"]
[Result "1-0"]
[WhiteElo "2425"]
[BlackElo "2000"]

1.e4 e6 2.d4 d5 3.Nd2 c5 4.Ngf3 Nc6 5.Bb5 Bd6 6.e5 Be7 7.O-O Bd7 8.Bxc6 Bxc6
9.dxc5 Bxc5 10.Nb3 Be7 11.Nbd4 h5 12.c3 g6 13.b4 Qd7 14.a4 a6 15.Qd3 b6 16.Ng5 Bxg5
17.Bxg5 Ne7 18.b5 Bb7 19.Bf6 Rg8 20.Qe3 Nf5 21.Nxf5 gxf5 22.Qxb6 Rg4 23.f3 Rc4
24.Qe3 Qc8 25.bxa6 Bxa6 26.Qg5 Kd7 27.Qxh5 Qg8 28.Rfc1 Rac8 29.Qh6 Rxc3 30.Qd2 Rxc1+
31.Rxc1 Rxc1+ 32.Qxc1 Qb8 33.h4 Qb6+ 34.Kh2 Qf2 35.h5 Bf1 36.Qg5 f4 37.h6 Qg3+
38.Qxg3 fxg3+ 39.Kxg3 Bd3 40.Bg5 Bh7 41.Be3 Kc6 42.Kf4  1-0

[Event "URS-chT"]
[Site "Riga"]
[Date "1975.??.??"]
[Round "?"]
[White "Gaprindashvili, Nona"]
[Black "Levitina, Irina S"]
[Result "1-0"]
[WhiteElo "2425"]
[BlackElo "2330"]

1.e4 c5 2.Nf3 e6 3.d4 cxd4 4.Nxd4 a6 5.Bd3 Ne7 6.O-O Nec6 7.Nb3 Be7 8.f4 d6
9.Be3 O-O 10.N1d2 Nd7 11.Qf3 Nb4 12.a3 Nxd3 13.cxd3 Nc5 14.Bd4 Nxb3 15.Nxb3 e5
16.fxe5 dxe5 17.Bf2 Bd6 18.Nc5 Qe7 19.Na4 Be6 20.Nb6 Rad8 21.Rac1 f5 22.Qe2 f4
23.Kh1 Qg5 24.Bc5 Bg4 25.Qd2 Rf6 26.Nd5 Rh6 27.g3 Bxc5 28.Rxc5 Qh5 29.Nxf4 Qg5
30.Qc3 Re8 31.d4 Qd8 32.Rxe5 Rxe5 33.dxe5 Rc6 34.Qb3+ Kh8 35.h3 Rb6 36.Qd5  1-0

[Event "URS-chT"]
[Site "Riga"]
[Date "1975.??.??"]
[Round "?"]
[White "Ranniku, Maaja"]
[Black "Gaprindashvili, Nona"]
[Result "1/2-1/2"]
[WhiteElo "2305"]
[BlackElo "2425"]

1.e4 g6 2.d4 Bg7 3.Nc3 d6 4.Bg5 h6 5.Be3 c6 6.Qd2 b5 7.Bd3 Nd7 8.f4 Nb6 9.Nf3 Nf6
10.e5 Nfd5 11.Nxd5 Nxd5 12.O-O Bf5 13.c3 e6 14.exd6 Qxd6 15.Ne5 O-O 16.Rae1 Rac8
17.g4 Bxd3 18.Nxd3 a5 19.Bf2 f5 20.g5 hxg5 21.fxg5 f4 22.Qe2 Rf5 23.h4 Re8
24.Qg4 Ref8 25.Nc5 Ne3 26.Bxe3 fxe3 27.Rxf5 exf5 28.Qf3 Re8 29.Kg2 Bxd4 30.cxd4 Qxd4
31.Nb3 Qxh4 32.Rxe3 Qxg5+ 33.Qg3 Qxe3 34.Qxg6+ Kh8 35.Qf6+ Kh7 36.Qf7+ Kh6
37.Qf6+ Kh5 38.Qf7+ Kh4 39.Qh7+ Kg5 40.Qg7+ Kh5 41.Qf7+ Kg4  1/2-1/2

[Event "URS-chT"]
[Site "Riga"]
[Date "1975.??.??"]
[Round "?"]
[White "Ozola, A."]
[Black "Gaprindashvili, Nona"]
[Result "0-1"]
[WhiteElo "2000"]
[BlackElo "2425"]

1.e4 c6 2.d4 d5 3.Nc3 g6 4.h3 Bg7 5.Nf3 Nh6 6.Bf4 f6 7.Qd2 Nf7 8.exd5 cxd5
9.Bxb8 Rxb8 10.Bb5+ Bd7 11.Bxd7+ Qxd7 12.a4 O-O 13.O-O Rbd8 14.Rad1 Qc6 15.Rfe1 Rfe8
16.Qd3 e6 17.Rd2 Bf8 18.Qb5 Nd6 19.Qxc6 bxc6 20.Rde2 Kf7 21.b3 Rc8 22.Na2 c5
23.c3 cxd4 24.cxd4 Ne4 25.b4 Rc4 26.Rb1 Rb8 27.Reb2 g5 28.Kf1 h5 29.g4 Kg6
30.Ke1 a5 31.bxa5 Rxb2 32.Rxb2 Rxa4 33.Nd2 Rxd4 34.Nb3 Ra4 35.f3 Nc5 36.Nxc5 Bxc5
37.Rb5 Bd4  0-1

[Event "IBM-B"]
[Site "Amsterdam"]
[Date "1976.??.??"]
[Round "1"]
[White "Gaprindashvili, Nona"]
[Black "Suwuh, J."]
[Result "1-0"]
[WhiteElo "2440"]
[BlackElo "2370"]

1.e4 e6 2.d4 d5 3.Nc3 Bb4 4.Ne2 dxe4 5.a3 Be7 6.Nxe4 Nf6 7.Qd3 Nbd7 8.Nxf6+ Nxf6
9.Qg3 O-O 10.Bh6 Ne8 11.h4 c5 12.O-O-O cxd4 13.Nxd4 Qd5 14.Nb5 Qc6 15.h5 Kh8
16.Be3 a6 17.Nd4 Qa4 18.Nb3 h6 19.Be2 Nf6 20.Bd4 Rd8 21.Bf3 Bd7 22.Rh4 Qb5
23.Be5 Rac8 24.Kb1 Bc6 25.Nd4 Qb6 26.Nxc6 Rxd1+ 27.Bxd1 Qxc6 28.Rd4 Qb5 29.Rd3 Rc5
30.Bc3 e5 31.Bb4 Rc7 32.Be2 Ne4 33.Qe3 Qc6 34.Bxe7  1-0

[Event "IBM-B"]
[Site "Amsterdam"]
[Date "1976.??.??"]
[Round "2"]
[White "Van Baarle, C John"]
[Black "Gaprindashvili, Nona"]
[Result "1-0"]
[WhiteElo "2330"]
[BlackElo "2440"]

1.e4 d5 2.exd5 Nf6 3.c4 c6 4.Nc3 cxd5 5.d4 g6 6.Qb3 Bg7 7.cxd5 O-O 8.Be2 Nbd7
9.Bf3 Nb6 10.Nge2 Bf5 11.O-O a5 12.a4 Qd6 13.Nb5 Qd7 14.d6 exd6 15.Bf4 Be6
16.Qd1 Ne8 17.d5 Bg4 18.Nec3 Bxf3 19.Qxf3 Nc4 20.Qe2 Rc8 21.Rfe1 Nf6 22.b3 Nh5
23.Bg5 Rfe8 24.Qc2 Qg4 25.bxc4 Qxg5 26.Nxd6 Nf4 27.g3 Qg4 28.Rxe8+ Rxe8 29.Nxe8 Bxc3
30.Qxc3 Ne2+ 31.Kf1  1-0

[Event "IBM-B"]
[Site "Amsterdam"]
[Date "1976.??.??"]
[Round "3"]
[White "Gaprindashvili, Nona"]
[Black "Ciocaltea, Victor"]
[Result "1/2-1/2"]
[WhiteElo "2440"]
[BlackElo "2480"]

1.e4 e5 2.Nf3 Nc6 3.Bb5 a6 4.Bxc6 dxc6 5.O-O Qd6 6.d3 f6 7.Be3 Bg4 8.Nbd2 Qd7
9.h3 Be6 10.Qe2 O-O-O 11.Rfb1 g5 12.b4 h5 13.a4 g4 14.Nh4 gxh3 15.g3 Nh6
16.b5 a5 17.b6 Bb4 18.bxc7 Rdg8 19.Nc4 Bxc4 20.dxc4 Kxc7 21.Bxh6 Rxh6 22.Qe3 Qd2
23.Qxd2 Bxd2 24.Rb3 Bb4 25.Rd1 Rh7  1/2-1/2

[Event "IBM-B"]
[Site "Amsterdam"]
[Date "1976.??.??"]
[Round "4"]
[White "Eising, Johannes"]
[Black "Gaprindashvili, Nona"]
[Result "0-1"]
[WhiteElo "2400"]
[BlackElo "2440"]

1.d4 Nf6 2.c4 e6 3.Nf3 b6 4.Bg5 h6 5.Bxf6 Qxf6 6.Nc3 Bb4 7.Rc1 Bb7 8.a3 Bxc3+
9.Rxc3 O-O 10.e3 d6 11.Be2 c5 12.O-O Nc6 13.Qd2 Rad8 14.h3 Rfe8 15.Rd1 cxd4
16.exd4 e5 17.d5 Ne7 18.Bd3 Bc8 19.Nh2 Qh4 20.Rf1 Bf5 21.f4 Bxd3 22.Rxd3 e4
23.Rc3 Nf5 24.Ng4 e3 25.Nxe3 Ng3 26.Qe1 Re4 27.Rf3 Nf5 28.Qxh4 Nxh4 29.Rf2 Rde8
30.Nc2 h5 31.g3 Nf5 32.Kg2 h4 33.g4 Ng3 34.b3 g6 35.Rd3 Ne2 36.Rdf3 f6 37.Kf1 R8e7
38.Kg2 Kg7 39.Kf1 g5 40.f5 Kf7 41.Rd3 R7e5 42.Rd2 Nf4 43.Rf3 a6 44.a4 Ke8
45.Kg1 Kd7 46.Kh2 Ne2 47.Kg2 Nf4+ 48.Kh2 Kc8 49.Nd4 Re1 50.Ne6 Ne2 51.Kg2 Ng3
52.a5 bxa5 53.c5 Rc1 54.cxd6 Ree1 55.Rd4 Rg1+ 56.Kf2 Rgf1+  0-1

[Event "IBM-B"]
[Site "Amsterdam"]
[Date "1976.??.??"]
[Round "7"]
[White "Gaprindashvili, Nona"]
[Black "Woodhams, Michael"]
[Result "1-0"]
[WhiteElo "2440"]
[BlackElo "2430"]

1.e4 c5 2.Nf3 e6 3.b3 Nc6 4.Bb2 Nf6 5.e5 Nd5 6.c4 Nde7 7.g3 Qc7 8.Na3 a6
9.Nc2 Nf5 10.Qe2 Be7 11.Bh3 g6 12.O-O b6 13.Bg2 Bb7 14.d4 cxd4 15.Nfxd4 Nfxd4
16.Nxd4 O-O 17.Rad1 Rab8 18.Nf3 b5 19.Nd2 Rfd8 20.c5 Bxc5 21.Ne4 Be7 22.Qe3 Nxe5
23.Rc1 Nc6 24.Nf6+ Bxf6 25.Bxf6 Qd6 26.Rfd1 Qf8 27.Bxd8 Rxd8 28.Qb6 Ba8 29.Qxa6 Nb4
30.Qxb5 Bxg2 31.Kxg2 Nxa2 32.Rc7 d5 33.Ra1 Qb4 34.Qxb4 Nxb4 35.Raa7 d4 36.Rxf7  1-0

[Event "IBM-B"]
[Site "Amsterdam"]
[Date "1976.??.??"]
[Round "10"]
[White "Gaprindashvili, Nona"]
[Black "Hartoch, Robert G"]
[Result "1-0"]
[WhiteElo "2440"]
[BlackElo "2365"]

1.e4 c5 2.Nf3 d6 3.d4 cxd4 4.Nxd4 Nf6 5.Nc3 e6 6.f4 Nc6 7.Be3 Be7 8.Qf3 e5
9.Nxc6 bxc6 10.f5 Qa5 11.Bc4 Rb8 12.Bb3 O-O 13.O-O-O Rxb3 14.cxb3 d5 15.exd5 cxd5
16.Rxd5 Nxd5 17.Nxd5 Bd6 18.Rd1 Qxa2 19.Nf6+ gxf6 20.Bh6 Kh8 21.Bxf8 Qa1+
22.Kc2 Qxd1+ 23.Kxd1 Bxf8 24.Qa8  1-0

[Event "Vitrobud op"]
[Site "Sandomierz"]
[Date "1976.??.??"]
[Round "2"]
[White "Borkowski, Franciszek"]
[Black "Gaprindashvili, Nona"]
[Result "1/2-1/2"]
[WhiteElo "2350"]
[BlackElo "2425"]

1.e4 d5 2.exd5 Nf6 3.d4 Nxd5 4.Nf3 Bf5 5.Bd3 Bxd3 6.Qxd3 c6 7.O-O e6 8.c4 Nf6
9.Nc3 Be7 10.Bf4 O-O 11.Rad1 Nbd7 12.h3 Re8 13.Rfe1 Nf8 14.Qc2 Ng6 15.Bh2 Bd6
16.Ne5 Qe7 17.f4 Rad8 18.Kh1 Qf8 19.f5 exf5 20.Qxf5 Bb8 21.g4 Re7 22.g5  1/2-1/2

[Event "Vitrobud op"]
[Site "Sandomierz"]
[Date "1976.??.??"]
[Round "3"]
[White "Gaprindashvili, Nona"]
[Black "Manasterski, Lutoslaw"]
[Result "0-1"]
[WhiteElo "2425"]
[BlackElo "2340"]

1.e4 c5 2.Nf3 e6 3.b3 Nc6 4.Bb2 d6 5.g3 Nf6 6.Qe2 Be7 7.Bg2 O-O 8.O-O Re8
9.d4 cxd4 10.Nxd4 Bd7 11.c4 a6 12.Rd1 Qb6 13.Nc2 Qa7 14.Ba3 Qb8 15.Nc3 Rd8
16.Rd2 Be8 17.Rad1 Qc7 18.h3 Rac8 19.Kh2 Na5 20.f4 b5 21.e5 dxe5 22.Rxd8 Bxd8
23.Bd6 Qa7 24.fxe5 Nd7 25.Nd4 bxc4 26.b4 Nb7 27.Nc6 Qb6 28.Nxd8 Nxd8 29.Ne4 Nb7
30.Nf6+ Nxf6 31.Bxb7 Ng4+ 32.hxg4 Qxb7 33.Bc5 c3 34.Qc4 c2 35.Rc1 Ba4 36.Qd3 Qd5
37.Qxd5 exd5 38.Kg2 Re8 39.Bd4 f6 40.exf6 Re2+ 41.Kf3 Rd2 42.Be3 Rd1 43.Ke2 d4
44.Bd2 Bb5+  0-1

[Event "Vitrobud op"]
[Site "Sandomierz"]
[Date "1976.??.??"]
[Round "4"]
[White "Schaufelberger, Heinz"]
[Black "Gaprindashvili, Nona"]
[Result "0-1"]
[WhiteElo "2325"]
[BlackElo "2425"]

1.c4 Nf6 2.d4 c5 3.Nf3 e6 4.g3 b6 5.Bg2 Bb7 6.O-O cxd4 7.Nxd4 Bxg2 8.Kxg2 Qc8
9.Qa4 Bc5 10.Rd1 O-O 11.Nc3 Bxd4 12.Rxd4 Nc6 13.Rh4 Ne5 14.Kg1 Qc6 15.b3 Qxa4
16.Nxa4 d5 17.cxd5 Nxd5 18.Bb2 Nc6 19.Nc3 Nxc3 20.Bxc3 b5 21.a4 a6 22.Rg4 e5
23.f4 f5 24.Rg5 Rae8 25.axb5 axb5 26.Ra6 Nd4 27.Ra7 g6 28.Bxd4 exd4 29.g4 Rxe2
30.gxf5 d3 31.Rd7 Rc8 32.Kh1 Rc1+  0-1

[Event "Vitrobud op"]
[Site "Sandomierz"]
[Date "1976.??.??"]
[Round "5"]
[White "Gaprindashvili, Nona"]
[Black "Szilagyi, Gyorgy"]
[Result "1-0"]
[WhiteElo "2425"]
[BlackElo "2380"]

1.e4 c5 2.Nf3 Nc6 3.d4 cxd4 4.Nxd4 g6 5.Be2 Bg7 6.Nb3 Nf6 7.Nc3 O-O 8.O-O d6
9.Bg5 Be6 10.Kh1 Na5 11.f4 Bc4 12.e5 Bxe2 13.Qxe2 Nxb3 14.axb3 dxe5 15.Rad1 Qc8
16.fxe5 Ng4 17.Nd5 Qe6 18.Nc7 Qxe5 19.Qxe5 Bxe5 20.Nxa8 Rxa8 21.h3 Bf6 22.Bxf6 Nxf6
23.Rf4 Kg7 24.Rc4 e5 25.Rc7 b6 26.Kg1 h5 27.g3 a5 28.Rc6 Rb8 29.Kg2 h4 30.gxh4 b5
31.Rdd6 Nh5 32.Rd7 Kg8 33.Re7 Nf4+ 34.Kf3 Ne6 35.Ke4 b4 36.h5 gxh5 37.Kxe5 Kf8
38.Kf6 Nd8 39.Rd6  1-0

[Event "Vitrobud op"]
[Site "Sandomierz"]
[Date "1976.??.??"]
[Round "6"]
[White "Gaprindashvili, Nona"]
[Black "Knaak, Rainer"]
[Result "1-0"]
[WhiteElo "2425"]
[BlackElo "2520"]

1.e4 c5 2.Nf3 e6 3.d4 cxd4 4.Nxd4 Nf6 5.Nc3 d6 6.f4 Be7 7.Qf3 O-O 8.Be3 e5
9.Nf5 Bxf5 10.exf5 e4 11.Nxe4 Nxe4 12.Qxe4 Bh4+ 13.g3 Re8 14.Qd3 Nc6 15.O-O-O Bf6
16.a3 Rc8 17.Bg2 Qa5 18.Kb1 b5 19.Rhe1 Red8 20.Bxc6 Rxc6 21.Bd4 Rdc8 22.Re2 h6
23.Bxf6 gxf6 24.Qd4 Qc7 25.c3 Kg7 26.g4 Rc4 27.Qxd6 Qxd6 28.Rxd6 Rxf4 29.h3 Rf3
30.Re7 Rxh3 31.Rxa7 Rg3 32.Rdd7 Rf8 33.Rd4 Rb8 34.Ka2 Rg2 35.Kb3 Kg8 36.Rc7 Re8
37.Rb7 Re5 38.Rd8+ Kg7 39.Rdd7 Ree2 40.Rxf7+ Kg8 41.Rg7+ Kh8 42.Kb4 Rxb2+
43.Ka5 Rge2 44.Rgf7 Re8 45.Rxf6 Rb3 46.Rxh6+ Kg8 47.f6 Rxa3+ 48.Kb4  1-0

[Event "Vitrobud op"]
[Site "Sandomierz"]
[Date "1976.??.??"]
[Round "7"]
[White "Gaprindashvili, Nona"]
[Black "Smejkal, Jan"]
[Result "1/2-1/2"]
[WhiteElo "2425"]
[BlackElo "2615"]

1.e4 e6 2.d4 c5 3.Nf3 cxd4 4.Nxd4 Nc6 5.Nc3 a6 6.g3 d6 7.Bg2 Bd7 8.O-O Nf6
9.Re1 Be7 10.Nxc6 Bxc6 11.a4 O-O 12.a5 Qc7 13.Be3 Nd7 14.Na4 Nc5  1/2-1/2

[Event "Vitrobud op"]
[Site "Sandomierz"]
[Date "1976.??.??"]
[Round "9"]
[White "Bronstein, David I"]
[Black "Gaprindashvili, Nona"]
[Result "1-0"]
[WhiteElo "2540"]
[BlackElo "2425"]

1.d4 Nf6 2.Nf3 e6 3.c4 b6 4.Nc3 Bb7 5.e3 Bb4 6.Bd3 Ne4 7.O-O f5 8.Ne2 O-O
9.a3 Bd6 10.b4 c5 11.bxc5 bxc5 12.Rb1 Qc7 13.Qb3 Ba6 14.Nc3 Nxc3 15.Qxc3 Nc6
16.Bb2 Qa5 17.Qc2 Qc7 18.dxc5 Bxc5 19.Qc3 d6 20.Nd4 Nd8 21.e4 Bxd4 22.Qxd4 Nc6
23.Qc3 Ne5 24.exf5 Nxd3 25.Qxd3 Bxc4 26.Rbc1 Bxd3 27.Rxc7 Rf7 28.Rxf7 Kxf7
29.fxe6+ Kxe6 30.Rd1 Be4 31.Re1 Kd5 32.f3 Bc2 33.Re2 Bd3 34.Re3 Kc4 35.Bxg7 a5
36.g4 Rb8 37.f4 Rb1+ 38.Kf2 Rb3 39.Re7 Rxa3 40.f5 Rb3 41.f6 Bg6 42.f7 Bxf7
43.Rxf7 a4 44.Bf6 a3 45.Rxh7  1-0